| 000 | 00358nam a2200145Ia 4500 | ||
|---|---|---|---|
| 008 | 230917s9999||||xx |||||||||||||| ||und|| | ||
| 040 |
_e187645 _aMAIN |
||
| 041 | _aEnglish | ||
| 082 | _aB J334C:L | ||
| 100 | _aChawla, Jagdish | ||
| 245 | 0 | _aLoknayak Jaiparkash Narayan | |
| 260 |
_aDelhi _bPrem Parkashan Mandir _c1977 |
||
| 300 | _a114 p. | ||
| 942 | _cBK | ||
| 999 |
_c181648 _d181648 |
||